| 000 | 00492nam a2200181Ia 4500 | ||
|---|---|---|---|
| 003 | GCL | ||
| 008 | 140319s9999 xx 000 0 eng d | ||
| 040 |
_aGCL / _cGCL |
||
| 082 | 0 | 4 |
_aCC _b738 _bA D |
| 100 | 1 | _aKAERMANN, PHILIPPE | |
| 245 | 1 | 0 |
_aLE DECOR SCULPTE DU COUVENT BLANC / _cKAERMANN, PHILIPPE |
| 260 |
_a[S.N] : _bINSTITUTE FRANCAIS D'ARCHEOLOGIE ORIETAL ، _c1976 |
||
| 300 | _a139 P | ||
| 650 | 0 | 4 | _aحسن فتحى |
| 650 | 0 | 4 | _aARTS |
| 650 | 0 | 4 | _aEGYPTOLOGY |
| 942 |
_2ddc _cBK |
||
| 999 |
_c19364 _d19364 |
||